A feasibility study on a new business start-up : a French restaurant & bar at Boat Quay /
Saved in:
| Main Author: | |
|---|---|
| Format: | Thesis Book |
| Language: | English |
| Published: |
1993.
|
| Subjects: | |
| Tags: |
Add Tag
No Tags, Be the first to tag this record!
|
| LEADER | 00901cam a2200253 a 4500 | ||
|---|---|---|---|
| 001 | u340723 | ||
| 003 | SIRSI | ||
| 008 | 931125s1993 si v 00 1 eng m | ||
| 035 | |a ABQ-7974 | ||
| 040 | |a UMM | ||
| 043 | |a a-si--- | ||
| 090 | |a TX911.3 |b P46The | ||
| 100 | 1 | 0 | |a Then, Chee Min. |
| 245 | 1 | 2 | |a A feasibility study on a new business start-up : |b a French restaurant & bar at Boat Quay / |c by Then Chee Min. |
| 260 | |c 1993. | ||
| 300 | |a vii, 97, [3] leaves : |b ill. ; |c 30 cm. | ||
| 502 | |a Dissertation (M.B.A.) -- National University of Singapore, 1993. | ||
| 504 | |a Includes bibliographical references. | ||
| 650 | 0 | |a Restaurants |z Singapore | |
| 650 | 0 | |a New business enterprises |z Singapore | |
| 650 | 0 | |a Feasibility studies |z Singapore. | |
| 948 | |a 25/11/1993 |b 20/08/2002 | ||
| 596 | |a 1 | ||
| 999 | |a TX911.3 P46THE |w LC |c 1 |i A504497138 |d 12/8/2009 |e 12/8/2009 |l STACKS |m P01UTAMA |n 11 |r Y |s Y |t TESIS |u 30/12/1993 | ||
